000
00287nam a2200109Ia 4500
001
1261488
005
20260417140353.0
008
260417s9999 xx 000 0 und d
020
_a
9789752891197
245
0
_a
Selin ve Cem’le Yolculuklar
_c
Buket Uzuner
260
_b
Everest Yayınları
999
_c
1261488
_d
1261488